| 000 | 00413cam a2200169ua 4500 | ||
|---|---|---|---|
| 041 |
_aeng _h |
||
| 082 |
_a823.301 _bTAY/DA |
||
| 100 | _aTaylor, Jenny . | ||
| 245 |
_aDavid`s Birthday / _cJenny Taylor. _hTextual Documents |
||
| 250 |
_a1 / _b. |
||
| 260 |
_aLondon : _bLongaman Green and Co , _c1962. |
||
| 300 | _a16 ; . | ||
| 504 | _a | ||
| 700 | 1 | _aIngleby, Terry . | |
| 942 | _cBK | ||
| 999 |
_c2417 _d2417 |
||